<?xml version="1.0" encoding="UTF-8"?>
<record
    xmlns:xsi="http://www.w3.org/2001/XMLSchema-instance"
    xsi:schemaLocation="http://www.loc.gov/MARC21/slim http://www.loc.gov/standards/marcxml/schema/MARC21slim.xsd"
    xmlns="http://www.loc.gov/MARC21/slim">

  <leader>00960nam a22001937a 4500</leader>
  <controlfield tag="008">160511b        xxu||||| |||| 00| 0 eng d</controlfield>
  <datafield tag="020" ind1=" " ind2=" ">
    <subfield code="a">9977966036</subfield>
  </datafield>
  <datafield tag="020" ind1=" " ind2=" ">
    <subfield code="a">9789977966038</subfield>
  </datafield>
  <datafield tag="082" ind1=" " ind2=" ">
    <subfield code="a">759.972.86</subfield>
    <subfield code="b">H565vi</subfield>
  </datafield>
  <datafield tag="100" ind1=" " ind2=" ">
    <subfield code="a">Fabio Herrera; Nicolette Pegels Rojas; Ulrich Pegels</subfield>
    <subfield code="9">4952</subfield>
  </datafield>
  <datafield tag="110" ind1=" " ind2=" ">
    <subfield code="a">Colecci&#xF3;n Pegels-Rojas de Arte Contemporaneo Costarricense </subfield>
    <subfield code="9">4953</subfield>
  </datafield>
  <datafield tag="245" ind1=" " ind2=" ">
    <subfield code="a">Fabio Herrera : viaje a Canarias y Marrakech</subfield>
    <subfield code="b">pinturas realizadas en su estancia en Gran Canaria y Marrakech en verano de 1998</subfield>
    <subfield code="c">Fabio Herrera; Nicolette Pegels Rojas; Ulrich Pegels</subfield>
  </datafield>
  <datafield tag="260" ind1=" " ind2=" ">
    <subfield code="a">San Jos&#xE9;, C.R</subfield>
    <subfield code="b">Litograf&#xED;a e Impr. Imperial [S.l.] Ed</subfield>
    <subfield code="c">Colecci&#xF3;n Pegels-Rojas de Arte Contemporaneo Costarricense 2000</subfield>
  </datafield>
  <datafield tag="300" ind1=" " ind2=" ">
    <subfield code="a">32 pag</subfield>
    <subfield code="b">il.col</subfield>
    <subfield code="c">28 cm</subfield>
  </datafield>
  <datafield tag="650" ind1=" " ind2=" ">
    <subfield code="a">Herrera Martinez, Fabio. 1954</subfield>
    <subfield code="v">Pintura Costarricense</subfield>
    <subfield code="x">Pintores Costarricenses</subfield>
    <subfield code="z">Arte-Costa Rica</subfield>
    <subfield code="9">4954</subfield>
  </datafield>
  <datafield tag="700" ind1=" " ind2=" ">
    <subfield code="a">Fabio Herrera</subfield>
    <subfield code="9">4940</subfield>
  </datafield>
  <datafield tag="700" ind1=" " ind2=" ">
    <subfield code="a">Nicolette Pegels Rojas</subfield>
    <subfield code="9">4955</subfield>
  </datafield>
  <datafield tag="700" ind1=" " ind2=" ">
    <subfield code="a">Ulrich Pegels</subfield>
    <subfield code="9">4956</subfield>
  </datafield>
  <datafield tag="999" ind1=" " ind2=" ">
    <subfield code="c">901</subfield>
    <subfield code="d">901</subfield>
  </datafield>
  <datafield tag="952" ind1=" " ind2=" ">
    <subfield code="0">0</subfield>
    <subfield code="1">0</subfield>
    <subfield code="2">ddc</subfield>
    <subfield code="4">0</subfield>
    <subfield code="7">0</subfield>
    <subfield code="a">LV</subfield>
    <subfield code="b">LV</subfield>
    <subfield code="c">Monograf&#xED;as</subfield>
    <subfield code="d">2016-05-11</subfield>
    <subfield code="l">0</subfield>
    <subfield code="o">759.972.86 H565vi</subfield>
    <subfield code="p">000825</subfield>
    <subfield code="r">2016-05-11 00:00:00</subfield>
    <subfield code="w">2016-05-11</subfield>
    <subfield code="y">01</subfield>
  </datafield>
</record>
